Stations with direct services from Reading Quiz Stats

 Plays Quiz not verified by Sporcle

Score 0/190 Timer 16:00
0 Plays Today
Station % Correct
Guildford
100%
Waterloo
100%
Bournemouth
100%
Plymouth
100%
Penzance
100%
Bath Spa
100%
Swansea
100%
Oxford
100%
Slough
85.7%
Maidenhead
85.7%
Gatwick Airport
85.7%
Wokingham
85.7%
Clapham Junction
85.7%
Richmond
85.7%
Twickenham
85.7%
Bracknell
85.7%
Basingstoke
85.7%
Southampton Central
85.7%
Newbury
85.7%
Exeter St Davids
85.7%
Redruth
85.7%
Didcot Parkway
85.7%
Newport
85.7%
Cardiff Central
85.7%
Worcester Shrub Hill
85.7%
Worcester Foregate St
85.7%
Hereford
85.7%
Wolverhampton
85.7%
Leeds
85.7%
Paddington
85.7%
Hayes & Harlington
71.4%
Redhill
71.4%
Reigate
71.4%
Dorking Deepdene
71.4%
Ash
71.4%
Vauxhall
71.4%
Putney
71.4%
Feltham
71.4%
Staines
71.4%
Egham
71.4%
Virginia Water
71.4%
Ascot
71.4%
Winnersh
71.4%
Winnersh Triangle
71.4%
Earley
71.4%
Reading West
71.4%
Mortimer
71.4%
Bramley
71.4%
Winchester
71.4%
Theale
71.4%
Thatcham
71.4%
Newbury Racecourse
71.4%
Hungerford
71.4%
Taunton
71.4%
Tiverton Parkway
71.4%
Dawlish
71.4%
Teignmouth
71.4%
Totnes
71.4%
Saltash
71.4%
Liskeard
71.4%
Par
71.4%
St Austell
71.4%
Truro
71.4%
Camborne
71.4%
Station % Correct
St Erth
71.4%
Swindon
71.4%
Chippenham
71.4%
Bristol Temple Meads
71.4%
Weston-super-Mare
71.4%
Bridgend
71.4%
Neath
71.4%
Pembroke
71.4%
Moreton-in-Marsh
71.4%
Ledbury
71.4%
Banbury
71.4%
Coventry
71.4%
Birmingham International
71.4%
Birmingham New St
71.4%
Stockport
71.4%
Manchester Piccadilly
71.4%
Wakefield Westgate
71.4%
York
71.4%
Durham
71.4%
Newcastle
71.4%
Edinburgh
71.4%
Ealing Broadway
57.1%
Southall
57.1%
West Drayton
57.1%
Iver
57.1%
Langley
57.1%
Burnham
57.1%
Taplow
57.1%
Twyford
57.1%
Betchworth
57.1%
Dorking West
57.1%
Gomshall
57.1%
Chilworth
57.1%
Shalford
57.1%
Wanborough
57.1%
North Camp
57.1%
Farnborough North
57.1%
Blackwater
57.1%
Sandhurst
57.1%
Sunningdale
57.1%
Longcross
57.1%
Southampton Airport Parkway
57.1%
Brockenhurst
57.1%
Salisbury
57.1%
Aldermaston
57.1%
Midgham
57.1%
Kintbury
57.1%
Bedwyn
57.1%
Pewsey
57.1%
Exeter St Thomas
57.1%
Starcross
57.1%
Dawlish Warren
57.1%
Newton Abbot
57.1%
Torre
57.1%
Torquay
57.1%
Paignton
57.1%
Ivybridge
57.1%
Bodmin Parkway
57.1%
Lostwithiel
57.1%
Hayle
57.1%
Tilehurst
57.1%
Pangbourne
57.1%
Goring & Streatley
57.1%
Cholsey
57.1%
Station % Correct
Keynsham
57.1%
Nailsea & Backwell
57.1%
Yatton
57.1%
Worle
57.1%
Weston Milton
57.1%
Highbridge & Burnham
57.1%
Bridgwater
57.1%
Port Talbot Parkway
57.1%
Llanelli
57.1%
Carmarthen
57.1%
Tenby
57.1%
Pembroke Dock
57.1%
Appleford
57.1%
Culham
57.1%
Radley
57.1%
Hanborough
57.1%
Combe
57.1%
Honeybourne
57.1%
Evesham
57.1%
Pershore
57.1%
Colwall
57.1%
Kings Sutton
57.1%
Leamington
57.1%
Stafford
57.1%
Stoke-on-Trent
57.1%
Derby
57.1%
Chesterfield
57.1%
Sheffield
57.1%
Darlington
57.1%
Crowthorne
42.9%
Martins Heron
42.9%
Andover
42.9%
Westbury
42.9%
St Germans
42.9%
Bristol Parkway
42.9%
Saundersfoot
42.9%
Malvern Link
42.9%
Great Malvern
42.9%
Heyford
42.9%
Macclesfield
42.9%
Doncaster
42.9%
Alnmouth
42.9%
Tisbury
28.6%
Gillingham
28.6%
Warminster
28.6%
Frome
28.6%
Castle Cary
28.6%
Whitland
28.6%
Finstock
28.6%
Charlbury
28.6%
Ascott-under-Wychwood
28.6%
Shipton
28.6%
Kingham
28.6%
Tackley
28.6%
Filton Abbey Wood
14.3%
Pembrey & Burry Port
14.3%
Manorbier
14.3%
Stonehouse
0%
Stroud
0%
Kemble
0%
Gloucester
0%
Cheltenham Spa
0%

You're not logged in!

Compare scores with friends on all Sporcle quizzes.
OR
Log In

Sporcle TV

Today on Sporcle TV


Watch our educational content, quiz creation guides, and fun videos on Sporcle TV.

Show Comments

Extras

Created Sep 3, 2019ReportNominate
Tags:direct, railway, Reading, service, station

Top Quizzes Today


Score Distribution

Your Account Isn't Verified!

In order to create a playlist on Sporcle, you need to verify the email address you used during registration. Go to your Sporcle Settings to finish the process.

Report this User

Report this user for behavior that violates our Community Guidelines.

Details: